| 000 | 00554nam a2200169Ia 4500 | ||
|---|---|---|---|
| 008 | 230925s9999||||xx |||||||||||||| ||und|| | ||
| 082 | _a621.3 SHA | ||
| 100 |
_aShabbir, Muhammad Talha (330566) _9118235 |
||
| 245 | 0 | _aInvestigation on Structural, Optical, and Ectrical Properties of Erbium Oxide-based Composites for Photocatalysis / | |
| 260 |
_bUSPCAS-E, NUST,Islamabad : _c2023 |
||
| 300 | _axii, 89 p. | ||
| 520 | _aTH-470 | ||
| 650 |
_vMS Thesis _918721 |
||
| 650 | _vMS-EEP Thesis | ||
| 700 |
_aDr Mustafa Anwar _9117892 |
||
| 942 |
_cTHE _2ddc |
||
| 999 |
_c603217 _d603217 |
||